000
00293nam a2200145Ia 4500
100
_a
Conner/Gary
942
_c
RB
366
_f
20
245
_a
Lean Manufacturing for the small shop
260
_b
Sme
_c
2001
082
_a
658.503
_b
CON
300
_a
258
546
_a
ENGLISH
999
_c
33444
_d
33444